00706 2200265 4500001002100000005001500021035002500036007000300061008004100064040001700105090002100122090002100143100002100164245005300185250001100238260003600249300002400285850001200309020002200321082001500343084001700358650002300375999002100398990002100419YOGYA00000000008615120200617105519 a0010-081400000085868ta131204s2013 yoia g ind d aYOPDYOGbind aDEP 236.24 ALB m aCB-D.11 2013-1590 aAlbertus Purnomo00aMelacak jejak surga /cpenulis, Albertus Purnomo aCet. 43 aYogyakarta :bKanisius.,c2013. a83 halaman ;c23 cm aYOPDYOG a978-979-21-3523-704222a236.24 a236.24 ALB m 4aSurga--xKristiani aCB-D.11/2013-159 aCB-D.11/2013-159